A children's book about being mean

Bibliographic Details
Main Author: Berry, Joy
Format: Book
Published: s.l. : Grolier Books , 1988
Series:Help me be good
Subjects:

MARC

LEADER 00000cam a2200000 7i4500
001 0000057430
005 20020703.0
090 0 0 |a JF   |b BER 
100 1 |a Berry, Joy 
245 1 2 |a A children's book about being mean   |c by Joy Berry 
260 |a s.l. :   |b Grolier Books ,   |c 1988 
300 |b p.v. :   |b ill. ;   |c 18cm. 
490 0 |a Help me be good 
650 0 0 |a Children's stories 
999 |a 00107589   |b BUKU   |c PINJAMAN   |e PERPUSTAKAAN KOMUNITI PETALING JAYA